| 000 | 00000nam##2200000za#4500 |
| 001 | 9.587723 |
| 003 | CaOODSP |
| 005 | 20210624194754 |
| 007 | cr ||||||||||| |
| 008 | 150406|2007||||xxc|||||o f|0| 0 eng|d |
| 022 | |a1701-1280 |
| 040 | |aCaOODSP|beng |
| 041 | |aeng |
| 041 | |afre |
| 043 | |an-cn--- |
| 086 | 1 |aFs70-4/2007-046-PDF |
| 110 | 1 |aCanada. |bDepartment of Fisheries and Oceans. |
| 245 | 10|aRegional stock assessments of the 2006 fishing season in the Quebec region : |h[electronic resource]|bfrom January 23 to February 23 2007, Maurice Lamontagne Institute / |c[by] Charley Cyr and Dominique Gascon. |
| 260 | |aOttawa - Ontario : |bFisheries and Oceans Canada |cJanuary 2008. |
| 300 | |a87p.|breferences, table |
| 490 | 1 |aCanadian Science Advisory Secretariat proceedings series|x1701-1280|v2007/046 |
| 590 | |a11-32-Supp|b2011-12-20 |
| 720 | 1 |aCyr, Charley |
| 720 | 1 |aGascon, Dominique |
| 792 | |tÉvaluations des stocks de la région du Québec suivant la saison de pêche 2006 : |efre|w(CaOODSP)9.587724 |
| 830 | #0|aProceedings series (Canadian Science Advisory Secretariat)|x1701-1280|v2007/046|w(CaOODSP)9.500507 |
| 856 | 40|ahttp://publications.gc.ca|qPDF|s428 KB|uhttps://publications.gc.ca/collections/collection_2011/mpo-dfo/Fs70-4-2007-046.pdf|y2007/046 |